000 00747nam a2200241Ia 4500
003 GCL
008 140319s9999 xx 000 0 ara d
040 _aGCL /
_cGCL
082 0 4 _a229.1
_bا ش
100 1 _aاحمد عبدالحميد غراب
245 1 0 _aالشخصية الانسانية فى ضوء القران الكريم /
_cاحمد عبدالحميد غراب
260 _a[S.N] :
_bالهيئة المصرية العامة للكتاب ،
_c1985
300 _a175 ص
490 _a
650 0 4 _aالاسلام
650 0 4 _aالانسان
650 0 4 _aالشخصية
650 0 4 _aالديانات
650 0 4 _aالمباحث العامة
650 0 4 _aالقران
650 0 4 _aالمباحث
942 _2ddc
_cBK
999 _c29248
_d29248